000 05196nam a22005417a 4500
005 2009121403363.0
008 091214t xxu||||| |||| 00| 0 eng d
010 _aB-368930-955
020 _a9788184081848
_c130.00
035 _aB-368930-955
037 _bIndiana Publishing House
040 _adpl
_bEnglish
082 _aS
245 _aGrimm's fairy tales /
_cadapted by Jack Peterson
260 _aNew Delhi
_bIndiana Publishing House
_c2010(repr.).
270 _a2/13, Ansari Road, Darya Ganj,
_bNew Delhi
_e110002
300 _ax, 238p.:
_b ill.
_c24cm(Hb)
490 _aIndiana Illustrated classics
700 _aPeterson, Jack
942 _2ddc
_cCH
_mGRI
_hS
999 _c32733
_d32733